Plantilla del campeon - Mundial FIFA (2) - Estadísticas

Estadísticas generales
  • Esta prueba ha sido intentada 337 veces
  • La puntuación promedio es 62 de 224
Estadísticas de respuestas
Pos. Jugador Equipo % Correcto
POR Manuel Neuer Bayern Munich
94%
POR(c) Iker Casillas Real Madrid
93%
MED Andres Iniesta Barcelona
92%
DEL David Villa Valencia
92%
DEF Carles Puyol Barcelona
91%
DEF Sergio Ramos Real Madrid
91%
MED Xavi Barcelona
91%
MED Ricardo Villa Racing
90%
POR Victor Valdes Barcelona
90%
DEF Gerard Pique Barcelona
89%
DEL Fernando Torres Liverpool
87%
POR Pepe Reina Liverpool
87%
MED Xabi Alonso Real Madrid
87%
MED Sergio Busquets Barcelona
84%
MED Cesc Fabregas Arsenal
81%
DEF Joan Capdevila Villarreal
81%
DEL Pedro Barcelona
81%
POR Gianluigi Buffon Juventus
79%
MED Jesus Navas Sevilla
77%
DEL Miroslav Klose Lazio
77%
DEL Muller Sao Paulo
77%
DEL Ronaldo Inter
77%
DEL Ronaldo Cruzeiro
77%
DEL Thomas Muller Bayern Munich
77%
MED David Silva Valencia
76%
MED Mario Gotze Bayern Munich
75%
MED Toni Kroos Bayern Munich
75%
DEF Alvaro Arbeloa Real Madrid
73%
MED Gilberto Silva Atl.Mineiro
73%
MED Mauro Silva Deportivo La Coruña
73%
DEF Raul Albiol Real Madrid
73%
MED Mesut Ozil Arsenal
72%
MED Ronaldinho PSG
72%
DEF Mats Hummels Borussia Dortmund
71%
DEF(c) Philipp Lahm Bayern Munich
71%
MED Sami Khedira Real Madrid
71%
DEL Fernando Llorente Atl Bilbao
69%
MED(c) Diego Armando Maradona Napoli
67%
MED Andrea Pirlo Milan
65%
DEF(c) Fabio Cannavaro Juventus
64%
DEF(c) Cafu Roma
63%
DEF Cafu Sao Paulo
63%
MED Juan Mata Valencia
63%
MED Zinedine Zidane Juventus
63%
DEF Roberto Carlos Real Madrid
62%
MED Rivaldo Barcelona
59%
DEF Jerome Boateng Bayern Munich
58%
DEF Carlos Marchena Valencia
57%
DEL Francesco Totti Roma
57%
DEL Alessandro Del Piero Juventus
56%
POR Dida Corinthians
56%
MED Javi Martinez Atl Bilbao
56%
DEL Andre Schurrle Chelsea
51%
MED Kaka Sao Paulo
50%
MED Bastian Schweinsteiger Bayern Munich
48%
MED Norberto Alonso River Plate
48%
DEL Romario Barcelona
48%
MED Daniele de Rossi Roma
47%
MED Gennaro Gattuso Milan
46%
DEL Thierry Henry Monaco
45%
DEL Mario Kempes Valencia
44%
POR Fabien Barthez Monaco
42%
DEF Lucio Bayer Leverkusen
42%
DEF Alessandro Nesta Milan
41%
DEL Lukas Podolski Arsenal
41%
DEF Marco Materazzi Inter
41%
DEF Per Mertesacker Arsenal
41%
DEF Gianluca Zambrotta Juventus
38%
DEL Filippo Inzaghi Milan
37%
DEF Daniel Passarella Fiorentina
35%
DEF(c) Daniel Passarella River Plate
35%
DEL David Trezeguet Monaco
35%
MED(c) Didier Deschamps Juventus
35%
MED Emmanuel Petit Arsenal
35%
DEL Luca Toni Fiorentina
34%
DEF Fabio Grosso Palermo
33%
DEF Marcel Desailly Milan
33%
DEL Paolo Rossi Juventus
33%
DEL Jorge Valdano Real Madrid
32%
DEF Lilian Thuram Parma
32%
MED(c) Lothar Matthaus Inter
31%
POR Roman Weidenfeller Borussia Dortmund
31%
DEF Laurent Blanc Marsella
30%
DEF Benedikt Howedes Schalke 04
29%
MED Mauro Camoranesi Juventus
29%
MED Patrick Vieira Arsenal
28%
DEF Shkodran Mustafi Sampdoria
28%
DEL Bebeto Deportivo La Coruña
26%
MED Christoph Kramer Borussia Monchengladbach
25%
MED Julian Draxler Schalke 04
23%
DEF Bixente Lizarazu Bayern Munich
22%
MED Juninho Flamengo
22%
DEL Jorge Burruchaga Nantes
21%
MED Robert Pires Metz
21%
POR Ubaldo Fillol River Plate
21%
DEL Denilson Betis
20%
POR(c) Dino Zoff Juventus
20%
DEL Rudi Voller Roma
19%
DEF Andrea Barzagli Palermo
18%
POR Claudio Taffarel Reggiana
18%
POR Marcos Palmeiras
18%
DEF Oscar Ruggeri River Plate
18%
DEF Edmilson Lyon
17%
DEF Franco Baresi Milan
17%
DEL Jurgen Klinsmann Inter
17%
DEL Alberto Gilardino Milan
16%
DEF Matthias Ginter Friburgo
16%
MED Christian Karembeu Real Madrid
15%
POR Nery Pumpido River Plate
15%
POR Rogerio Ceni Sao Paulo
15%
MED(c) Dunga Stuttgart
14%
DEF Jose Luis Brown Deportivo Español
14%
MED Simone Perotta Roma
13%
MED Youri Djorkaeff Inter
13%
POR Ron-Robert Zieler Hannover 96
12%
DEF Roque Junior Milan
12%
DEF Andreas Brehme Inter
11%
MED Hector Enrique River Plate
11%
MED Kleberson Atl. Paranaense
11%
MED Ricardo Bochini Independiente
11%
DEL Vicenzo Iaquinta Udinese
11%
DEL Christophe Dugarry Marsella
9%
DEF Erik Durm Borussia Dortmund
9%
DEF Julio Olarticoechea Boca Juniors
9%
DEF Kevin Grosskreutz Borussia Dortmund
9%
DEF Massimo Oddo Lazio
9%
MED Sergio Batista Argentinos Juniors
9%
DEF Cristian Zaccardo Palermo
8%
DEF Jose Luis Cuciuffo Velez
8%
DEF Juliano Belleti Sao Paulo
8%
DEF Junior Parma
8%
POR Marco Amelia Livorno
8%
DEL Stephane Guivarch Auxerre
8%
POR Angelo Peruzzi Lazio
7%
DEF Branco Fluminense
7%
DEF Marcio Santos Bordeux
7%
MED Osvaldo Ardiles Huracan
7%
MED Paulo Sergio Bayer Leverkusen
7%
DEL Rene Houseman Huracan
7%
DEF Frank Leboeuf Chelsea
6%
MED Mazinho Palmeiras
6%
MED Rai PSG
6%
DEF Aldair Roma
5%
MED Americo Gallego Newell's Old Boys
5%
POR Bernard Lama PSG
5%
POR Bodo Illgner Koln
5%
MED Claudio Borghi Argentinos Juniors
5%
DEL Daniel Bertoni Independiente
5%
DEF Jurgen Kohler Bayern Munich
5%
MED Leonardo Sao Paulo
5%
POR Luis Islas Estudiantes LP
5%
DEL Luizao Gremio
5%
MED Ricardinho Corinthians
5%
DEF Alberto Tarantini -
4%
DEF Anderson Polga Gremio
4%
DEF Antonio Cabrini Juventus
4%
MED Bruno Conti Roma
4%
MED Carlos Tapia Boca Juniors
4%
DEF Claudio Gentile Juventus
4%
DEL Edilson Cruzeiro
4%
POR Hector Zelada America
4%
DEL Lepolodo Luque River Plate
4%
MED Marco Tardelli Juventus
4%
DEL Pedro Pasculli Lecce
4%
MED Ricardo Giusti Independiente
4%
POR Ricardo La Volpe San Lorenzo
4%
MED Simone Barone Palermo
4%
MED Vampeta Corinthians
4%
DEF Vincent Candela Roma
4%
MED Alain Boghossian Sampdoria
3%
MED Andreas Moller Borussia Dortmund
3%
MED Bernard Diomede Auxerre
3%
DEF Gaetano Scirea Juventus
3%
DEF Jorginho Bayern Munich
3%
MED Jose D. Valencia Talleres
3%
DEL Karl-Heinz Riedle Werder Bremen
3%
POR Lionel Charbonnier Auxerre
3%
DEF Oscar Garre Ferro
3%
DEF Ronaldao Shimizu S-Plusle
3%
DEL Sergio Almiron Newell's Old Boys
3%
DEL Alessandro Altobelli Inter
2%
POR Andreas Kopke Nuremberg
2%
DEF Daniel Killer Racing
2%
MED Franco Causio Udinese
2%
DEL Franco Graziani Fiorentina
2%
DEF Fulvio Collovati Milan
2%
POR Giovanni Galli Fiorentina
2%
DEF Giuseppe Bergomi Inter
2%
DEF Guido Buchwald Stuttgart
2%
POR Hector Baley Huracan
2%
DEF Jorgen Olguin San Lorenzo
2%
DEF Klaus Augenthaler Bayern Munich
2%
DEF Luis Galvan Talleres
2%
MED Marcelo Trobbiani Elche
2%
MED Miguel Oviedo Talleres
2%
DEF Nestor Clausen Independiente
2%
MED Olaf Thon Bayern Munich
2%
DEL Oscar Ortiz River Plate
2%
MED Pierre Littbarski Koln
2%
POR Raimond Aumann Bayern Munich
2%
DEF Ricardo Rocha Vasco da Gama
2%
MED Ruben Galvan Independiente
2%
MED Thomas Hassler Koln
2%
DEL Viola Corinthians
2%
POR Zetti Sao Paulo
2%
MED Zinho Palmeiras
2%
DEF Daniel Pagnanini Independiente
1%
DEL Franco Selvaggi Cagliari
1%
DEL Frank Mill Borussia Dortmund
1%
MED Gabriele Oriali Inter
1%
MED Giampiero Marini Inter
1%
MED Giancarlo Antognoni Fiorentina
1%
POR Gilmar Flamengo
1%
MED Giuseppe Dossena Torino
1%
MED Gunter Hermann Werder Bremen
1%
DEF Hans Pflugler Bayern Munich
1%
POR Ivano Bordon Inter
1%
MED Omar Larosa Independiente
1%
DEF Paul Steiner Koln
1%
DEF Pietro Vierchowod Fiorentina
1%
DEF Stefan Reuter Bayern Munich
1%
DEF Thomas Berthold Roma
1%
MED Uwe Bein Eintracht Frankfurt
1%
DEL Daniele Massaro Fiorentina
0%
No se encontraron pruebas coincidentes
Distribución de puntuación
Porcentaje de gente con cada puntuación
Porcentaje por número respondido
Historial de tus puntuaciones
No has intentado esta prueba.